Online
Catalog

Pensar del Che / (Record no. 24011)

MARC details
000 -CABECERA
campo de control de longitud fija 00704nam a2200193 a 4500
001 - NÚMERO DE CONTROL
campo de control 000024518
005 - FECHA Y HORA DE LA ÚLTIMA TRANSACCIÓN
campo de control 20200930023221.0
008 - DATOS DE LONGITUD FIJA--INFORMACIÓN GENERAL
campo de control de longitud fija 110128s1989 cu r 001 0 spa d
040 ## - FUENTE DE LA CATALOGACIÓN
Centro catalogador/agencia de origen DO-SdBNP
Lengua de catalogación spa
Centro/agencia transcriptor BNPHU
082 ## - NÚMERO DE LA CLASIFICACIÓN DECIMAL DEWEY
Número de clasificación nn*
Número de documento/Ítem nn*
049 ## - FONDOS LOCALES (OCLC)
Fondos de biblioteca BNGR
245 00 - MENCIÓN DE TÍTULO
Título Pensar del Che /
Mención de responsabilidad, etc. Prefacio de Armando Hart Dávalos.
260 ## - PUBLICACIÓN, DISTRIBUCIÓN, ETC.
Lugar de publicación, distribución, etc. La Habana :
Nombre del editor, distribuidor, etc. Centro de Estudios sobre América ;
-- José Martí,
Fecha de publicación, distribución, etc. 1989.
300 ## - DESCRIPCIÓN FÍSICA
Extensión v. ;
Dimensiones 20 cm.
505 ## - NOTA DE CONTENIDO CON FORMATO
Información miscelánea T. 1.
Título Desafíos de la lucha por el poder político --
Información miscelánea T. 2.
500 ## - NOTA GENERAL
Nota general La biblioteca sólo posee el volumen 1 y 2.
500 ## - NOTA GENERAL
Nota general Incluye referencias bibliográficas y notas al pie de las páginas.
700 1# - PUNTO DE ACCESO ADICIONAL--NOMBRE DE PERSONA
Nombre de persona Hart Dávalos, Armando,
Término indicativo de función/relación pról.
9 (RLIN) 50241
Holdings
Estado de retiro Estado de pérdida Restricciones de uso No para préstamo Código de colección Localización permanente Ubicación/localización actual Ubicación en estantería Fecha de adquisición Número de inventario Total de préstamos Signatura topográfica completa Código de barras Fecha visto por última vez Precio válido a partir de Tipo de ítem Koha
        Monografías: Libros y Folletos General General En catalogación 28.01.2011 LF1   t. 1 24518-10 25.06.2020 25.06.2020 Préstamo en sala
        Monografías: Libros y Folletos General General En catalogación 28.01.2011 LF1   t. 1, e. 2 24518-20 25.06.2020 25.06.2020 Préstamo en sala
        Monografías: Libros y Folletos General General En catalogación 28.01.2011 LF1   t. 2 24518-30 25.06.2020 25.06.2020 Préstamo en sala

Powered by Koha